La Constitución de Weimar: (texto de la Constitución Alemana de 11 de Agosto de 1919)

Saved in:
Bibliografiske detaljer
Format: Ukendt
Sprog:engelsk
spansk
Udgivet: Madrid Tecnos 2010
Udgivelse:Primera edición
Serier:Clásicos del Pensamiento v.112
Fag:
Tags: Tilføj Tag
Ingen Tags, Vær først til at tagge denne postø!

MARC

LEADER 00000 a2200000 4500
003 CL-VaPUC
005 20211223074345.0
008 200114b ||||| |||| 00| 0 eng d
999 |c 376078  |d 376076 
020 |a 9788430951178 
040 |c Pontificia Universidad Católica de Valparaíso 
041 0 |a spa 
082 |a 342.43 CON 2010 
245 1 3 |a La Constitución de Weimar:  |b  (texto de la Constitución Alemana de 11 de Agosto de 1919) 
250 |a Primera edición 
260 3 |b Tecnos  |c 2010  |a Madrid 
300 |a 358 p 
490 0 0 |a Clásicos del Pensamiento  |v v.112 
505 0 |a I. Una valoración de conjunto sobre la experiencia de la Constitución de Weimar. II. El proceso de elaboración de la Constitución de Weimar. III. Texto de la Constitución alemana de agosto de 1919 y comentario sistemático a sus preceptos. 
583 |k Hugo Gaete  |c 20200114 
650 0 0 |a Constituciones  |9 255417 
650 0 0 |a Derecho constitucional   |9 222588 
650 0 0 |a SISTEMAS POLITICOS  |9 605765 
651 0 |a Alemania  |9 255688 
942 |2 ddc  |c BK 
952 |0 0  |1 0  |2 ddc  |4 0  |6 342_430000000000000_CON_2010  |7 0  |9 495252  |a BIBDER  |b BIBDER  |d 2019-12-27  |e 36  |g 12318.00  |i 556865K  |o 342.43 CON 2010  |p 556865K  |r 2023-01-25  |t 1  |v 12318.00  |w 2019-12-27  |y BK  |k DER